The Bar directory : (Record no. 5166)

MARC details
000 -LEADER
fixed length control field 00868nam a22002057a 4500
008 - FIXED-LENGTH DATA ELEMENTS--GENERAL INFORMATION
fixed length control field 120911t xxu||||| |||| 00| 0 eng d
020 ## - INTERNATIONAL STANDARD BOOK NUMBER
International Standard Book Number 9-7804-1404-3756
082 ## - DEWEY DECIMAL CLASSIFICATION NUMBER
Edition number 22 ed.
Classification number Field2 349.41
Item number BAR
245 ## - TITLE STATEMENT
Title The Bar directory :
Remainder of title the general council of the Bar /
260 ## - PUBLICATION, DISTRIBUTION, ETC. (IMPRINT)
Place of publication, distribution, etc London :
Name of publisher, distributor, etc Thomson Reuters(legal) ltd.
Date of publication, distribution, etc 2011
300 ## - PHYSICAL DESCRIPTION
Extent xxx. ; 1001 p. :
Other physical details ill. ;
Dimensions 24 cm.
500 ## - GENERAL NOTE
General note Includes Index
500 ## - GENERAL NOTE
General note Includes A-Z of the Chambers
650 ## - SUBJECT ADDED ENTRY--TOPICAL TERM
Source of heading or term Lawyers -- England -- Directories
650 ## - SUBJECT ADDED ENTRY--TOPICAL TERM
Source of heading or term Lawyers -- Wales -- Directories
650 ## - SUBJECT ADDED ENTRY--TOPICAL TERM
Source of heading or term Bar directory
700 ## - ADDED ENTRY--PERSONAL NAME
Personal name General Council of the Bar (England and Wales)
9 (RLIN) 6612
942 ## - ADDED ENTRY ELEMENTS (KOHA)
Source of classification or shelving scheme Dewey Decimal Classification
Item type Books
Holdings
Withdrawn status Lost status Source of classification or shelving scheme Damaged status Not for loan Home library Current library Shelving location Date acquired Total Checkouts Full call number Barcode Checked out Date last seen Date last borrowed Copy number Price effective from Koha item type Public note
    Dewey Decimal Classification     Law Development Centre Main Library Law Development Centre Main Library Text Books and Laws 09/11/2012 1 Field2 349.41 BAR s14398 09/21/2012 09/11/2012 09/11/2012 1 09/11/2012 Reference Reserve book